[Event "Figueira da Foz op 17th"]
[Site "Figueira da Foz"]
[Date "2023.11.08"]
[Round "5"]
[White "Albornoz Cabrera, Carlos Daniel"]
[Black "Dhulipalla, Bala Chandra Prasad"]
[Result "1-0"]
[WhiteElo "2585"]
[BlackElo "2408"]
[PlyCount "79"]
[EventDate "2023.11.05"]
[EventType "swiss"]
[EventRounds "9"]
[EventCountry "POR"]
[SourceTitle "CB46_2023"]
[SourceDate "2023.11.15"]
[SourceVersion "1"]
[SourceVersionDate "2023.11.15"]
[SourceQuality "1"]

1. e4 e5 2. Nf3 Nc6 3. Bb5 a6 4. Ba4 Bc5 5. 0-0 Nge7 6. c3 Ba7 7. d4 Ng6 8. Bg5 f6 9. Be3 0-0 10. Re1 d6 11. Nbd2 Kh8 12. h3 Bd7 13. Bc2 a5 14. Nf1 b5 15. Ng3 a4 16. b3 Qe8 17. bxa4 bxa4 18. Rb1 Na5 19. Bd3 Qf7 20. Qe2 Rfe8 21. Bb5 Bxb5 22. Rxb5 Bb6 23. Rb4 Nc6 24. Rb5 Na5 25. h4 Qc4 26. Qb2 a3 27. Qb1 Qf7 28. Nf5 Ne7 29. Nxd6 cxd6 30. Rxb6 Nc4 31. Rb7 Qh5 32. Qb5 d5 33. dxe5 fxe5 34. Qc5 Ra5 35. Qc7 Nxe3 36. Rxe3 d4 37. Qxa5 dxe3 38. fxe3 Ng6 39. Qc7 Qh6 40. Ng5 1-0

[Event "SRB-ch Central int"]
[Site "Dimitrovgrad"]
[Date "2023.08.21"]
[Round "2"]
[White "Dhulipalla, Bala Chandra Prasad"]
[Black "Srdanovic, Jovana"]
[Result "1-0"]
[WhiteElo "2410"]
[BlackElo "2090"]
[PlyCount "59"]
[EventDate "2023.08.20"]
[EventType "swiss"]
[EventRounds "9"]
[EventCountry "BUL"]
[SourceTitle "CBM 215 Extra"]
[Source "ChessBase"]
[SourceDate "2023.09.30"]
[SourceVersion "1"]
[SourceVersionDate "2023.09.30"]
[SourceQuality "1"]

1. c4 c6 2. d4 d5 3. Nc3 Nf6 4. e3 a6 5. Nf3 e6 6. b3 Bb4 7. Bd2 0-0 8. Bd3 c5 9. a3 Bxc3 10. Bxc3 cxd4 11. Bxd4 dxc4 12. Bxc4 b5 13. Bd3 Nbd7 14. 0-0 Bb7 15. Be2 Qe7 16. a4 b4 17. Rc1 Rac8 18. Bc4 Ne4 19. Qe2 e5 20. Bb2 Nec5 21. Rfd1 e4 22. Nd4 Qg5 23. f4 exf3 24. Nxf3 Bxf3 25. Qxf3 Nb6 26. Rd4 h5 27. a5 Nbd7 28. Rd5 Qg6 29. Rf1 Qc2 30. Rxh5 1-0

[Event "Timisoara Foisor Memorial Rapid"]
[Site "Timisoara"]
[Date "2023.08.05"]
[Round "4"]
[White "Andronescu, Madalin"]
[Black "Dhulipalla, Bala Chandra Prasad"]
[Result "0-1"]
[WhiteElo "2027"]
[BlackElo "2410"]
[PlyCount "54"]
[EventDate "2023.08.05"]
[EventType "swiss (rapid)"]
[EventRounds "10"]
[EventCountry "ROU"]
[SourceTitle "CBM 215 Extra"]
[Source "ChessBase"]
[SourceDate "2023.09.30"]
[SourceVersion "1"]
[SourceVersionDate "2023.09.30"]
[SourceQuality "1"]

1. e4 e5 2. Nf3 Nc6 3. d4 exd4 4. Nxd4 Nf6 5. Nxc6 bxc6 6. e5 Qe7 7. Qe2 Nd5 8. c4 Nb6 9. g3 a5 10. Bg2 Qe6 11. Nd2 Bb4 12. 0-0 0-0 13. a3 Bxd2 14. Bxd2 Ba6 15. b3 a4 16. f4 f5 17. g4 axb3 18. gxf5 Rxf5 19. Bh3 Bxc4 20. Qe4 Qg6+ 21. Kf2 Rxf4+ 22. Qxf4 Rf8 23. Rg1 Rxf4+ 24. Bxf4 Qe4 25. Be3 b2 26. Rab1 Qc2+ 27. Kg3 Ba2 0-1